01293nab a2200193 a 450000500170000000700030001700800410002004000250006104100080008610000290009424500890012326000830021230000170029536200290031252006170034194200150095895201090097399900170108220241018120131.0ta241018e2022 dr |||||r||||||0| | spa d aDO-SdBNPcBNPHUerda hspa aAndújar, Carlos984586 aEl patrimonio cultural dominicano : bun acercamiento ampliado / cCarlos Andújar. aSanto Domingo, República Dominicana :bCentro Cultural BanReservas, c2022.  apágina 11. aEdición 1. Enero 2022. aEl patrimonio cultural un país lo constituye el conjunto de manifestaciones culturales, tangibles e intangibles, que expresan de distintas formas su identidad, su historia, sus vivencias y sus representaciones. Desde importantes monumentos que sintetizan las formas de apropiación del espacio usadas por cada cultura (ciudades, pueblos o cualquier otra forma de asentamiento), pasando por su artesanía, sus ajuares, vestidos, instrumentos musicales, objetos de labranzas y trabajo, tecnología, hasta sus creencias, música, danza, tradición oral, lengua, entre otros tantos modos de representatividad. 2ddccISSUE 00102ddc40708SEaBNPHUbBNPHUd2024-10-18hEdición 1. Enero 2022l0r2024-10-18w2024-10-18yISSUE c57909d57909